000 00317nam a22001337a 4500
008 170710b xxu||||| |||| 00| 0 eng d
020 _a9780760726969
041 _aeng
080 _a030
100 _a23
101 _aENC
245 _aTHE ILLUSTRATED ENCYCLOPEDIA OF HISTORICAL FACTS
_cSTEWART,R
942 _2udc
_cBK
999 _c20176
_d20176